| 000 | 00747nas a2200253 4500 | ||
|---|---|---|---|
| 001 | BR9503675 | ||
| 003 | BR-BrBNA | ||
| 005 | 20231205094053.0 | ||
| 007 | ta | ||
| 008 | 230509b bl.|||p| |||| 00| 00por d | ||
| 040 |
_aBR-BrBNA _bpor _cBiblioteca Nacional de Agricultura |
||
| 041 | _a(Pt) | ||
| 072 | _aL73 | ||
| 100 | 1 | _aMoreira, E.C. | |
| 100 | 1 | _aKassai, Y. | |
| 100 | 1 | _aBarbosa, M. | |
| 245 | 1 | _aEsporotricose em asinino no estado de Minas Gerais | |
| 650 | _aAsno | ||
| 650 | _aEsporotricose | ||
| 650 | _aMinas Gerais | ||
| 773 | 0 |
_tArquivos da Escola de Veterinaria da Universidade Federal de Minas Gerais (Brazil) _x _g(1967), v. 19 p. 189-191 _wBR9503675 |
|
| 909 |
_a202311 _bLúcia _c55 _dLúcia Elande |
||
| 942 |
_2AGRIS _n0 _cANA |
||
| 999 |
_c141900 _d141900 |
||